Statistics for Mario Characters with Photos

Click here to take the quiz!

General Stats

  • This quiz has been taken 31 times
  • The average score is 9 of 16

Answer Stats

Answer% Correct
Goomba
92%
Peach
88%
Chain Chomp
76%
Luigi
72%
Waluigi
72%
Yoshi
72%
Shy Guy
68%
Luma
60%
Rosalina
60%
Wiggler
60%
Larry
52%
Pauline
48%
Toadsworth
36%
Goombella
20%
Honeyqueen
16%
Poochy
12%

Score Distribution

Percentile by Number Answered

Percent of People with Each Score

Your Score History

You have not taken this quiz